Tilastot visalle Jalkapallon naisten MM-kilpailujen välieräjoukkueet

Klikkaa tästä pelataksesi tätä visaa!

Yleistilastot

  • Tätä visaa on pelattu 275 kertaa
  • Keskiarvotulos 11 / 13

Vastaustilastot

MestaruuksiaVälierissäVastaus% Oikein
48Yhdysvallat
97%
1
1
Espanja
96%
05Ruotsi
96%
25Saksa
95%
01Ranska
92%
02Brasilia
90%
14Norja
87%
03Englanti
85%
12Japani
83%
01Kanada
82%
01Alankomaat
81%
01Australia
79%
02Kiina
77%

Tulosjakauma

Persentiili vastausten määrän mukaan

Jokaisen tuloksen saaneiden osuus

Tuloshistoriasi

Et ole pelannut tätä visaa